Catholic colleges and federal funding /

Saved in:
Bibliographic Details
Main Author: Whitehead, K. D.
Format: Book
Language:English
Published: San Francisco : Ignatius Press, c1988.
Subjects:
LEADER 01030nam a2200277 a 4500
001 c000214455
003 CARM
005 19930827000000.0
008 920402s1988 cau b 000 0 eng
010 |a 87082979 //r93 
019 1 |a 6159575  |5 LACONCORD2021 
020 |a 0898701872 
035 |a (OCoLC)17881179  |5 LACONCORD2021 
040 |a LC  |b eng  |c LC  |d LC 
043 |a n-us--- 
050 0 0 |a LC501  |b .W53 1988 
100 1 |a Whitehead, K. D. 
245 1 0 |a Catholic colleges and federal funding /  |c by K.D. Whitehead. 
260 |a San Francisco :  |b Ignatius Press,  |c c1988. 
300 |a 115 p. ;  |c 19 cm. 
504 |a Includes bibliographical references. 
650 0 |a Catholic universities and colleges  |z United States  |x Finance. 
650 0 |a Federal aid to higher education  |z United States. 
852 8 |b CARM  |h A2:AK25G0  |i A02978  |p 0253328  |f BK 
999 f f |i 7648c4cd-4f0a-5c19-8a97-4acf21b2e555  |s cac3a66b-8fb5-5bb5-aa3b-1922dc123524 
952 f f |p Can circulate  |a CAVAL  |b CAVAL  |c CAVAL  |d CARM 1 Store  |e A02978  |f A2:AK25G0  |h Other scheme  |i book  |m 0253328